000 00656nam a2200205Ii 4500
003 JO-AjNU
008 230605s9999||||xx |||||||||||||| ||und||
017 _a2005/4/769
040 _aJO-AjNU
_bara
_erda
_cJO-AjNU
041 _aara
050 1 4 _aBF723.K3288.2005
100 3 _aعبد القادر،فاضل,
_eauthor
_916418
245 0 0 _aكيف تتغلب على القلق والإكتئاب
264 3 1 _aعمان:دار اسامة للنشر والتوزيع ، 2005
300 _a136ص
336 _atext
_btxt
_2rdacontent
337 _aunmediated
_bn
_2rdamedia
338 _avolume
_bnc
_2rdacarrier
650 4 _aالمشاكل-الارق
_916419
999 _aA4859
_c8427
_d8427